Billboard #1 Hits of 1978 - Statistics

General Stats
  • This quiz has been taken 40 times
  • The average score is 12 of 19
Answer Stats
Hint Extra Hint Explanation Answer % Correct
Stayin' Alive 4 Feb (4 wks.) Listen on YouTube Bee Gees
97%
You're the One That I Want 10 Jun (1 wk.) Listen on YouTube

The clip is from the film Grease (1978) and features John Travolta and Olivia Newton-John.
John Travolta and Olivia Newton-John
91%
Night Fever 18 Mar (8 wks.) Listen on YouTube Bee Gees
89%
Le Freak 9 Dec (1 wk.)
23 Dec (2 wks.)
20 Jan 1979 (3 wks.)
Listen on YouTube Chic
89%
Three Times a Lady 12 Aug (2 wks.) Listen on YouTube Commodores
80%
Shadow Dancing 17 Jun (7 wks.) Listen on YouTube Andy Gibb
69%
You Don't Bring Me Flowers 2 Dec (1 wk.)
16 Dec (1 wk.)
Listen on YouTube Barbra Streisand and Neil Diamond
66%
MacArthur Park 11 Nov (3 wks.) Listen on YouTube Donna Summer
66%
Baby Come Back 14 Jan (3 wks.) Listen on YouTube Player
66%
With a Little Luck 20 May (2 wks.) Listen on YouTube Wings
66%
Miss You 5 Aug (1 wk.) Listen on YouTube The Rolling Stones
63%
Boogie Oogie Oogie 9 Sep (3 wks.) Listen on YouTube A Taste of Honey
60%
You Needed Me 4 Nov (1 wk.) Listen on YouTube Anne Murray
57%
If I Can't Have You 13 May (1 wk.) Listen on YouTube Yvonne Elliman
57%
Grease 26 Aug (2 wks.) Listen on YouTube

Clip from the opening credits of the film Grease (1978).
Frankie Valli
51%
Kiss You All Over 30 Sep (4 wks.) Listen on YouTube Exile
49%
Hot Child in the City 28 Oct (1 wk.) Listen on YouTube Nick Gilder
49%
Too Much, Too Little, Too Late 3 Jun (1 wk.) Listen on YouTube Johnny Mathis and Deniece Williams
46%
(Love Is) Thicker Than Water 4 Mar (2 wks.) Listen on YouTube Andy Gibb
37%
No matching quizzes found
Score Distribution
Percent of People with Each Score
Percentile by Number Answered
Your Score History
You have not taken this quiz